Adoption of new technologies in pre-service teachers. The case of interaction-enhancing videos (Record no. 194186)
[ view plain ]
| 000 -LEADER | |
|---|---|
| fixed length control field | 01346nam a22001817a 4500 |
| 005 - DATE AND TIME OF LATEST TRANSACTION | |
| control field | 20250115163752.0 |
| 008 - FIXED-LENGTH DATA ELEMENTS--GENERAL INFORMATION | |
| fixed length control field | 250115b |||||||| |||| 00| 0 eng d |
| 040 ## - CATALOGING SOURCE | |
| Transcribing agency | LDD |
| 100 ## - MAIN ENTRY--PERSONAL NAME | |
| Personal name | Brocca, Nicola |
| 245 ## - TITLE STATEMENT | |
| Title | Adoption of new technologies in pre-service teachers. The case of interaction-enhancing videos |
| 260 ## - PUBLICATION, DISTRIBUTION, ETC. | |
| Place of publication, distribution, etc. | Elsevier, 2024 |
| 300 ## - PHYSICAL DESCRIPTION | |
| Other physical details | p. 1-9 |
| 490 ## - Journal | |
| Journal | An International Journal Of Research And Studies |
| Volume/sequential designation | Vol. 138 |
| 500 ## - GENERAL NOTE | |
| General note | The use of educational videos, an increasingly common practice among students, represents a monodirectional communication that clashes with communicative approaches to foreign language teaching. In this study, impulse videos (iVs), videos designed to encourage learner interaction, were introduced to pre-service teachers (PSTs) (N = 44) who were asked to design a lesson using iVs in line with the communicative approach. The PSTs completed a questionnaire to evaluate this learning experience. The results, obtained through qualitative content analysis and descriptive statistics, show that the PSTs, far from being technology averse, were reluctant to adopt a communicative approach that reinterprets the use of videos. |
| 650 ## - SUBJECT ADDED ENTRY--TOPICAL TERM | |
| Topical term or geographic name entry element | Teacher Education |
| 856 ## - ELECTRONIC LOCATION AND ACCESS | |
| Link text | click here to access online |
| Uniform Resource Identifier | <a href="https://www.sciencedirect.com/science/article/pii/S0742051X23004158">https://www.sciencedirect.com/science/article/pii/S0742051X23004158</a> |
| 942 ## - ADDED ENTRY ELEMENTS (KOHA) | |
| Source of classification or shelving scheme | Dewey Decimal Classification |
| Koha item type | Article |
| Date last seen | Total checkouts | Price effective from | Koha item type | Lost status | Source of classification or shelving scheme | Damaged status | Not for loan | Withdrawn status | Home library | Current library | Date acquired |
|---|---|---|---|---|---|---|---|---|---|---|---|
| 01/15/2025 | 01/15/2025 | Article | Dewey Decimal Classification | Library and Documentation Division NCERT | Library and Documentation Division NCERT | 01/15/2025 |





